Normal view
MARC view
- التاريخ الاسلامي- تاريخ العراق- بلاد ال بين النهرين- تاريخ العرب
Entry Topical Term
001 - CONTROL NUMBER
- control field: 8337
003 - CONTROL NUMBER IDENTIFIER
- control field: JO-AjAnu
005 - DATE AND TIME OF LATEST TRANSACTION
- control field: 20230606071639.0
008 - FIXED-LENGTH DATA ELEMENTS
- fixed length control field: 230606|| aca||aabn | a|a d
040 ## - CATALOGING SOURCE
- Original cataloging agency: JO-AjAnu
- Transcribing agency: JO-AjAnu
150 ## - HEADING--TOPICAL TERM
- Topical term or geographic name entry element: التاريخ الاسلامي- تاريخ العراق- بلاد ال بين النهرين- تاريخ العرب
670 ## - SOURCE DATA FOUND
- Source citation: Work cat.: (JO-AjAnu)4304: تاليف حسين، توفيق محمد علي الشيخ, author 8336, محطات مضيئة في تاريخ العرب والمسلمين